000 00750nam a2200217 a 4500
001 BRCA_1750
005 20190320203531.0
008 210508s1991----mx-a---###---#000-0#spa-#
020 _a9688409723
050 4 _aN6553
_b.B95 1991
100 1 _aBullock, William
_d1775-1849
_95460
245 1 0 _aCatálogo de la primera exposición de arte prehispánico
_cpor William Bullock ; prólogo, traducción y notas Begoña Arteta.
260 _aMéxico
_bUAM
_c1991
300 _a83 p.
_bil. a color
_c22 cm.
500 _aFacsímil de : 1824
650 1 4 _aArte prehispánico
_vCatálogos
_zMéxico
_95461
650 1 4 _aArte prehispánico
_vExposiciones
_95462
653 0 _aViajeros extranjeros en México
700 1 _aArteta, Begoña
_95463
942 _2lcc
_cB
999 _c1534
_d1534